[Event "Salon de Provence op 14th"]
[Site "Salon de Provence"]
[Date "2024.07.11"]
[Round "8"]
[White "Madi, Chahinez"]
[Black "Metzger, Raphael"]
[Result "1/2-1/2"]
[WhiteElo "1687"]
[BlackElo "1601"]
[PlyCount "91"]
[EventDate "2024.07.06"]
[EventType "swiss"]
[EventRounds "9"]
[EventCountry "FRA"]
[SourceTitle "EXT 2025"]
[Source "ChessBase"]
[SourceDate "2024.10.14"]
[SourceVersion "1"]
[SourceVersionDate "2024.10.14"]
[SourceQuality "1"]

1. e4 e5 2. Nf3 Nc6 3. Bb5 Nf6 4. 0-0 Nxe4 5. Re1 Nd6 6. Nxe5 Nxe5 7. Rxe5+ Be7 8. Ba4 0-0 9. d4 Bf6 10. Re1 Nf5 11. c3 d5 12. Nd2 c6 13. Nf3 Nd6 14. Ne5 Bf5 15. Bf4 Bxe5 16. dxe5 Nc4 17. Qc1 Re8 18. Bc2 Bxc2 19. Qxc2 Re6 20. b3 Nb6 21. Rad1 Qe7 22. Rd3 Nd7 23. Rde3 Re8 24. Qe2 Qa3 25. h3 Nc5 26. Qc2 Qa6 27. Rd1 b5 28. c4 bxc4 29. bxc4 Qxc4 30. Qxc4 dxc4 31. Rc3 Na4 32. Ra3 Nb2 33. Rd6 Nd3 34. Bg3 Nxe5 35. Bxe5 Rxe5 36. Rxc6 Re1+ 37. Kh2 Rc1 38. Rxa7 g6 39. a4 Rc2 40. Kg3 Re6 41. Rxe6 fxe6 42. Rc7 c3 43. Kh2 Ra2 44. Rxc3 Rxa4 45. Re3 Kf7 46. Kg3 1/2-1/2

[Event "Salon de Provence op 14th"]
[Site "Salon de Provence"]
[Date "2024.07.09"]
[Round "5"]
[White "Bicais, Noam"]
[Black "Metzger, Raphael"]
[Result "0-1"]
[WhiteElo "1603"]
[BlackElo "1601"]
[PlyCount "96"]
[EventDate "2024.07.06"]
[EventType "swiss"]
[EventRounds "9"]
[EventCountry "FRA"]
[SourceTitle "EXT 2025"]
[Source "ChessBase"]
[SourceDate "2024.10.14"]
[SourceVersion "1"]
[SourceVersionDate "2024.10.14"]
[SourceQuality "1"]

1. e4 e5 2. Nf3 Nc6 3. d4 exd4 4. Nxd4 Nf6 5. Nxc6 bxc6 6. e5 Qe7 7. Qe2 Nd5 8. c4 Ba6 9. b3 Qh4 10. Qd1 Qe4+ 11. Be2 Qxe5 12. cxd5 Qxa1 13. Bxa6 Qxb1 14. 0-0 Qg6 15. Re1+ Kd8 16. Bb7 Rb8 17. dxc6 Bd6 18. Qd4 Re8 19. Be3 Ke7 20. Bg5+ Kf8 21. Rxe8+ Rxe8 22. g3 Qxg5 23. cxd7 Rd8 24. Bc8 Qc1+ 25. Kg2 Qc6+ 26. Kg1 Rxd7 27. Bxd7 Qxd7 28. Qxa7 Qf5 29. Qb8+ Ke7 30. a4 Qc5 31. Qa8 Kd7 32. Qf3 Qc1+ 33. Kg2 Qc6 34. h4 Qxf3+ 35. Kxf3 Bc5 36. Ke2 Kc6 37. f3 Kb6 38. g4 Ka5 39. Kd3 Kb4 40. Kc2 Be3 41. Kb2 f6 42. Kc2 Bd4 43. a5 Kxa5 44. Kd3 Be5 45. Kc4 Kb6 46. h5 Kc6 47. b4 Kd6 48. b5 Ke6 0-1